000
00304nam a22001337a 4500
040
_c
FIZZA ISHAQ
082
_a
526.9
_b
AMC
100
_a
CHANDRA, AM.
_9
86299
245
_a
HIGHER SURVEYING /
_c
AM CHANDRA.
250
_a
3rd ED.
260
_a
NEW DEHLI :
_c
2015.
300
_a
408 P. ;
942
_2
ddc
_c
BK
999
_c
587285
_d
587285